Molecular characterization of chikungunya virus in febrile patients from Central Kerala by RT-PCR assay (Record no. 52165)

MARC details
000 -LEADER
fixed length control field 00611nam a2200217Ia 4500
100 ## - MAIN ENTRY--AUTHOR NAME
Personal name Venkatachalam P.
245 #0 - TITLE STATEMENT
Title Molecular characterization of chikungunya virus in febrile patients from Central Kerala by RT-PCR assay
260 ## - PUBLICATION, DISTRIBUTION, ETC. (IMPRINT)
Name of publisher Current Science
Year of publication 2010
300 ## - PHYSICAL DESCRIPTION
Number of Pages 962-966
650 ## - SUBJECT ADDED ENTRY--TOPICAL TERM
Topical Term Blood samples
650 ## - SUBJECT ADDED ENTRY--TOPICAL TERM
Topical Term Chkungunya virus
650 ## - SUBJECT ADDED ENTRY--TOPICAL TERM
Topical Term EI gene
650 ## - SUBJECT ADDED ENTRY--TOPICAL TERM
Topical Term Polymerase chain reaction
700 ## - ADDED ENTRY--PERSONAL NAME
Personal name Jacob J
700 ## - ADDED ENTRY--PERSONAL NAME
Personal name Mani Prasad P.
700 ## - ADDED ENTRY--PERSONAL NAME
Personal name Saha T.
700 ## - ADDED ENTRY--PERSONAL NAME
Personal name Sathik M.B.M.
700 ## - ADDED ENTRY--PERSONAL NAME
Personal name Valsala Kumari
942 ## - ADDED ENTRY ELEMENTS (KOHA)
Koha item type Bibliography STAF
Holdings
Withdrawn status Lost status Damaged status Not for loan Home library Current library Date acquired Serial Enumeration / chronology Koha item type
      Bibliography RRII Library RRII Library 30/04/2010 Volume 98, Issue 7 Bibliography STAF